LEADER 01386nam0 2200349 i 450 001 UAN0002315 005 20231121125849.0 010 $a8871875540 020 $aIT$b96-3855 100 $a20141021d1995 ||||0itac50 ba 101 | $aita 102 $ait 181 1$6z01$ai $bxxxe 182 1$6z01$an 200 1 $aCommercio e grande distribuzione$ela sfida del 2000$estrategie politiche, produttive e di marketing di un settore in movimento$fNicola Dante Basile, Riccardo Garosci$gprefazione di Luigi Guatri 210 $aMilano$cIl sole-24 ore libri$d1995 215 $aXVI, 226 p.$d22 cm 225 | $aStudi 300 $aSegue: Appendice. 410 0$1001CFI0169972$12001 $aStudi 606 $aItalia Commercio 1990-1995$2FIR$3RMLC399814$9I 676 $a381$9$v21 700 1$aBasile$b, Nicola Dante$3CFIV028164$4070$0460448 701 1$aGarosci$b, Riccardo$3UANV001215$4070$0116462 801 3$aIT$bIT-01$c20141021 850 $aIT-FR0098 899 $aBiblioteca Area Giuridico Economica$bFR0098 912 $aUAN0002315 950 0$aBiblioteca Area Giuridico Economica$d 53TER 381/4$e 53VM 0000097855 VM barcode:ECO009237. - Inventario:4834. - Fondo:Sala consultazioneVM$fA $h20000620$i20121204 977 $a 53 996 $aCommercio e grande distribuzione$91444460 997 $aUNICAS